00174 a2200073 450000100060000010000200000624500330002626000410005949163 aHafiz Ahmad Yar aIslamiyat for Degree Classes aRawalpindibAllama Iqbal Open Univc